000 01014nam0a22002651 4500
001 rc\124622
005 20250620191739.0
035 _a(NLR Aleph) 005381033
090 _a7100906
_c7100906
100 _a20021216d1994 |||y0rusy50 ca
101 0 _arus
102 _aRU
105 _aa |||||||||
200 1 _aСОВРЕМЕННЫЕ динамические модели миграции радионуклидов в пищевых цепочках
_fЕ.В. Андрессон, Р.В. Арутюнян, Е.В. Евстратов и др.
210 _aМ.
_cИБРАЭ
_d1994
215 _a42 с.
_cил.
_d30
225 1 _aПрепринт
_fРос. акад. наук. Ин-т пробл. безопас. развития атом. энергетики
_v№ NSI-27-94
300 _aРез. на англ. яз.
320 _aБиблиогр.: с. 34
701 1 _aАндрессон
_bЕ.В.
801 0 _aRU
_bNLR
_gpsbo
801 1 _aRU
_bELAR
_2rusmarc
852 _aNLR
_j97-8/212
942 _cBOOK
980 _aNB